| 000 | 00509nam a2200193Ia 4500 | ||
|---|---|---|---|
| 999 |
_c16580 _d16580 |
||
| 005 | 20210208103544.0 | ||
| 008 | 160427s9999 xx 000 0 und d | ||
| 020 | _a9783642128479 | ||
| 040 | _cLIRC | ||
| 082 | _a006.37 CIP | ||
| 100 |
_aCipolla, Robert; Battuato, S. and Farinella, G. M _91101 |
||
| 245 |
_aComputer vision: _bdetection, recognition and reconstruction |
||
| 260 | _aNew Delhi | ||
| 260 | _bSpringer | ||
| 260 | _c2010 | ||
| 300 | _a350 p. | ||
| 650 |
_vCSE _91102 |
||
| 942 |
_2ddc _cREF |
||